Phonetics Course

Spremljeno u:
Bibliografski detalji
Format: Knjiga
Oznake: Dodaj oznaku
Bez oznaka, Budi prvi tko označuje ovaj zapis!
Thư viện lưu trữ: Mạng thư viện Đại học Đà Nẵng
LEADER 00382nam a22001571a 4500
001 000036031
003 12323
005 20160322090147.0
008 160322s0 000
245 |a Phonetics Course  |c Ngũ Thiện Hùng 
OWN |a LNN 
999 |a From the UDN01 
TYP |a Monograph 
980 |a Mạng thư viện Đại học Đà Nẵng